000 00505 a2200193 4500
005 20250218121312.0
008 250218b |||||||| |||| 00| 0 eng d
020 _a9788183291699
_cRs. 1600.00
040 _aMAIN
082 _a631.4
_bS38S
100 _aSrivastava, M L
245 _aSoil science
260 _bShree Publishers and Distributors
_c2024
_aNew Delhi
300 _avi, 315
650 _aSoil Science
650 _aEnvironmental Science
650 _aSoil Microorganisms
942 _cBK
999 _c359093
_d359093